Państwa - miasta #2 - Statystyki

Ogólne statystyki
  • Ten quiz został rozwiązany 28 razy
  • Średni wynik to 6 z 14
Statystyki odpowiedzi
Miasto Państwo % Poprawnych
Sao Paulo Brazylia
96%
Kazań Rosja
93%
Bilbao Hiszpania
85%
Reda Polska
74%
Poniewież Litwa
63%
Al-Ajn Zjednoczone Emiraty Arabskie
59%
Tapachula Meksyk
37%
Wlora Albania
30%
Afif Arabia Saudyjska
19%
Suhar Oman
19%
Arlon Belgia
15%
Bulawayo Zimbabwe
15%
Zarafshon Uzbekistan
7%
Buala Wyspy Salomona
7%
Nie znaleziono quizów pasujących do podanych kryteriów
Rozkład punktacji
Procent ludzi z każdym wynikiem
Percentyl według liczby udzielonych odpowiedzi
Twoja historia wyników
Nie rozwiązałeś tego quizu